| 000 | 01063nam a22002537a 4500 | ||
|---|---|---|---|
| 005 | 20090825120337.0 | ||
| 008 | 090728t xxu||||| |||| 00| 0 pun d | ||
| 010 | _aPUN-6512 | ||
| 020 |
_c150.00 _a9789350170601 |
||
| 035 | _aPN-5630 | ||
| 037 | _bDBAD / PUB | ||
| 040 |
_adpl _bpn |
||
| 082 | _a851 | ||
| 100 |
_924414 _aਸ਼ਿਆਮ ਪ੍ਰਕਾਸ਼ ਸਿੰਘ |
||
| 245 |
_aਮਾਜ਼ੀ ਦੇ ਪ੍ਰਛਾਵੇਂ / _cਸ਼ਿਆਮ ਪ੍ਰਕਾਸ਼ ਸਿੰਘ |
||
| 246 |
_aMazzi de parchhaven _bby Shiam Prakash Singh |
||
| 260 |
_aਚੰਡੀਗਡ਼ _bਲੋਕਗੀਤ ਪ੍ਰਕਾਸ਼ਨ _c2010 |
||
| 270 |
_as.c.o-26-27, Sector-34-A, _bਚੰਡੀਗਡ਼ _e160022 _k01624-682954, 09781534406 |
||
| 300 | 4 |
_a113 ਸਫੇ _c22 ਸੇਮੀ (ਸਜਿਲੱਦ) |
|
| 650 |
_924412 _aਕਵਿਤਾਵਾੰ |
||
| 650 |
_aPoems _924431 |
||
| 942 |
_2ddc _cPN _h851 _mਸ਼ਿਆਮ |
||
| 999 |
_c48889 _d48889 |
||